00559nam a2200181Ia 450000500170000000800410001702000180005804000180007604100080009408200210010210000220012324500860014525000120023126000550024330000320029865000270033070000200035720221206151940.0210716s2010 xx 000 0 und d a9788120339965 cAIMIT LIBRARY aeng a005.13 21bTURC aTurbak, Franklyn. aDesign concepts in programming languages /cBy Franklyn Turbak and David Gifford. a1st ed. aNew Delhi :bPHI Learning private limited ,c2010. axxiv,1322p. ;bPBc23.7 cm. aProgramming Languages. aGifford, David.